|
|
|
|
| LEADER |
00000nas a2200000 i 4500 |
| 001 |
ssj0001783598 |
| 003 |
WaSeSS |
| 005 |
20200512172242.0 |
| 006 |
m d |
| 007 |
cr n |
| 008 |
170110c20149999sp qr pos 0 a0eng c |
| 010 |
|
|
|a 2017268518
|
| 022 |
|
|
|a 2386-7876
|l 2386-7876
|
| 035 |
|
|
|a (WaSeSS)ssj0001783598
|
| 040 |
|
|
|a VT2
|b eng
|c VT2
|d OCLCQ
|d OCLCF
|d SERSO
|d OCL
|d AU@
|d OCL
|d VT2
|d WaSeSS
|
| 041 |
|
|
|a eng
|a spa
|b eng
|b spa
|
| 042 |
|
|
|a pcc
|
| 050 |
|
4 |
|a P87
|
| 210 |
0 |
|
|a Commun. soc.
|
| 222 |
|
0 |
|a Communication & Society
|
| 245 |
0 |
0 |
|a Communication & Society
|h [electronic resource].
|
| 246 |
1 |
|
|a Communication and Society
|
| 260 |
|
|
|a Pamplona, Spain :
|b Servicio de Publicaciones de la Universidad de Navarra,
|c 2014-
|
| 310 |
|
|
|a Quarterly.
|
| 362 |
1 |
|
|a Began with Vol. 27, no. 4 (2014)
|
| 506 |
|
|
|a License restrictions may limit access.
|
| 546 |
|
|
|a Articles in English or Spanish; abstract in language of article.
|
| 588 |
|
|
|a Description based on: Vol. 27, no. 4 (2014); title from publication details screen (publisher's website, viewed March 29, 2017)
|
| 588 |
|
|
|a Latest issue consulted Vol. 30, no. 1 (2017) (viewed March 29, 2017)
|
| 650 |
|
0 |
|a Mass media
|x Research
|v Periodicals.
|
| 650 |
|
0 |
|a Communication
|x Research
|v Periodicals.
|
| 650 |
|
7 |
|a Communication
|x Research.
|2 fast
|0 (OCoLC)fst00870003
|
| 650 |
|
7 |
|a Mass media
|x Research.
|2 fast
|0 (OCoLC)fst01011296
|
| 655 |
|
0 |
|a Electronic journals.
|
| 710 |
2 |
|
|a Universidad de Navarra.
|
| 780 |
0 |
0 |
|t Comunicación y Sociedad
|x 2174-0895
|
| 856 |
4 |
0 |
|z Full text available from Research Library: 01/01/2010 to 4 months ago
|u https://search.proquest.com/publication/1216381
|